Formula One Champions-Sudden Death - Statistics

General Stats
  • This quiz has been taken 105 times
  • The average score is 8 of 11
Answers on the Grid
Answers color-coded by a green-red scale on the quiz's grid according to % correct below.
Juan Manuel Fangio
Valtteri Bottas
Sergio Perez
Phil Hill
David Coulthard
Max Verstappen
Oscar Piastri
James Hunter
Alain Prost
Lando Norris
Esteban Ocon
Jenson Button
Charles Leclerc
Jacques Villeneuve
Denny Hulme
Lewis Hamilton
George Russel
Alexander Albon
Mick Schumacher
Micheal Schumacher
Damon Hill
Nico Rosberg
Jenson Knipit
 
Answer Stats
Answer % Correct
Juan Manuel Fangio
90%
Max Verstappen
89%
Alain Prost
80%
Lewis Hamilton
77%
Nico Rosberg
77%
Damon Hill
76%
Micheal Schumacher
76%
Phil Hill
75%
Jacques Villeneuve
73%
Jenson Button
73%
Denny Hulme
61%
No matching quizzes found
Score Distribution
Percent of People with Each Score
Percentile by Number Answered
Your Score History
You have not taken this quiz